00493 a2200169 450000100060000002000190000604000370002510000330006224000310009524500260012630000090015236200090016165000240017094200070019495201050020199900170030675508 a978859855313-1 cAnchieta - Colégio São Paulo aCedraz, Antônio Luiz Ramos10aO dragão da maldadelpor10aO dragão da maldade a[16]0 a2012 4aLiteratura infantil cBK 00104070a88.1b88.1d2023-11-22l0oLI 028.5 C389dp7139/CSPr2023-11-22 14:33:01w2023-11-22yBK c75508d75508